Doctor Who Said That? - Statistics

General Stats
  • This quiz has been taken 263 times
  • The average score is 9 of 15
Answer Stats
Hint Answer % Correct
I'm going to need a SWAT team, ready to mobilise. Street level maps covering all of Florida. A pot of coffee, twelve Jammie Dodgers and a fez. 11th Doctor
93%
I was the first one ever to be signed up for the Time Agency. They were so proud of me. The Face of Boe, they called me. Jack Harkness
90%
Did he just bring them back? Did he just save the world from aliens and then bring all the aliens back again? Rory Williams
80%
Am I ginger?
10th Doctor
77%
The last time I saw you, the real you, the future you, I mean, you turned up on my doorstep, with a new haircut and a suit. River Song
74%
No, no, no, no, I don't shake hands. Back, back. I suffer from a skin complaint - Exeema. Absorbaloff
73%
Arianna got two thousand quid off the council just because the old man behind the desk said she looked Greek! I know she is Greek, but that's not the point. It was a valid claim. Jackie Tyler
67%
Every living thing is an abomination. I am come to release them into blessed death, and I find that good. Sutekh
66%
Why? Why shouldn't I be so reckless? You're reckless all the bloody time. Why can't I be like you? Clara Oswald
64%
Right now, I'm a stranger to myself. There's echoes of who I was, and a sort of call towards who I am, and I have to hold my nerve and trust all these new instincts. 13th Doctor
60%
Because it's time to stand with him. It's where we've always been going, and it's happening now, today. It's time to stand with the Doctor. Missy
48%
Oh, Tegan Jovanka! How's your Auntie Vanessa? Do you keep her in a little doll's house? Spymaster
43%
I'm a lot more explosive than I look, and honey... I know how I look. 15th Doctor
37%
You get me an A to Z of the universe, and I'll be able to stick my finger straight on... No, I've got no idea. Graham O'Brien
31%
Timey-wimey? Am I six? Belinda Chandra
27%
No matching quizzes found
Score Distribution
Percent of People with Each Score
Percentile by Number Answered
Your Score History
You have not taken this quiz